00465nam a2200145Ia 4500008004100000041000800041082001200049100001700061245001900078260003600097300002400133365001100157999001700168952013400185240624s9999 xx 000 0 und d aeng a823 NAI aNAIR PREETHI aCOLOUR OF LOVE c2005aNew DelhibHarper Collins a325 : p. : cm. ; 18 cRSb25 c18723d18723 00104070aIMTNbIMTNcRack 39-Bd2012-05-02eIBHg325.00l5o823 NAIp18723r2026-01-16 15:46:53s2026-01-08t1w2024-06-24yBK